Statystyki dla Skład Tottenhamu w Premier League 2023/24

Kliknij tutaj aby rozwiązać quiz!

Ogólne statystyki

  • Ten quiz został rozwiązany 59 razy
  • Średni wynik to 18 z 33

Statystyki odpowiedzi

NumerZawodnik% Poprawnych
7Hueng-min Son
98%
1Hugo Lloris
96%
9Richarlison
90%
13Gugliermo Vicario
83%
10James Maddison
83%
17Christian Romero
81%
21Dejan Kulusevski
75%
23Pedro Porro
75%
38Destiny Udogie
69%
15Eric Dier
69%
29Pape Matar Sarr
67%
5Pierre-Emile Hojbjerg
67%
37Micky van de Ven
65%
8Yves Bissouma
65%
33Ben Davies
60%
12Emerson Royal
60%
4Oliver Skipp
60%
30Rodrigo Bentancur
58%
18Giovani Lo Celso
52%
11Bryan Gil
50%
14Ivan Perisić
44%
6Davinson Sanchez
38%
27Manor Solomon
38%
20Fraser Forster
31%
42Harvey White
29%
3Sergio Reguilon
29%
41Alfie Whiteman
27%
35Ashley Phillips
25%
40Brandon Austin
25%
19Ryan Sessegnon
25%
28Tanguy Ndombele
21%
25Japhet Tanganga
17%
24Djed Spence
13%

Rozkład punktacji

Percentyl według liczby udzielonych odpowiedzi

Procent ludzi z każdym wynikiem

Twoja historia wyników

Nie rozwiązałeś tego quizu